Statistiques concernant Les Henri du plan de Paris

Cliquez ici pour prendre le quiz!

Statistiques générales

  • Ce quiz a été pris 2 fois
  • Le résultat moyen est 12 sur 52

Statistiques - réponses

HintRéponse% Correct
Henri MatisseArtiste peintre
100%
Henri SalvadorAuteur-compositeur-interprète
100%
Henri PoincaréHomme politique
100%
Henri MondorMédecin
100%
Henri VerneuilRéalisateur
100%
Henri DelormelArchitecte
50%
Henri RegnaultArtiste peintre
50%
Henri DesgrangeCréateur du Tour de France
50%
Henri MonnierEcrivain / Comédien
50%
Henri BatailleEcrivain / Poète
50%
Henri HeineEcrivain / Poète
50%
Henry de MontherlantEcrivain / Poète
50%
Henri MichauxEcrivain / Poète
50%
Henri BecqueEcrivain / Poète
50%
Henri DunantFondateur de la Croix Rouge
50%
Henri FiszbinHomme politique
50%
Henri FeulardMédecin
50%
Henri de BournazelMilitaire
50%
Henri BergsonPhilosophe
50%
Henry FarmanAviateur
0%
Henri RolletAvocat
0%
Henri BarbouxAvocat
0%
Henri RobertAvocat
0%
Henri MoissanChimiste
0%
Henri DuparcCompositeur
0%
Henri TomasiCompositeur
0%
Henri DuvernoisEcrivain / Poète
0%
Henri de BornierEcrivain / Poète
0%
Henri BarbusseEcrivain / Poète
0%
Henri MurgerEcrivain / Poète
0%
Henri PapeFacteur de piano
0%
Henri LangloisFondateur de la cinémathèque française
0%
Henry de la VaulxFondateur de l'Aéro-club
0%
Henri MartinHomme politique
0%
Henri ChevreauHomme politique
0%
Henri RibièreHomme politique
0%
Henry PatéHomme politique
0%
Henri MalbergHomme politique
0%
Henri QueuilleHomme politique
0%
Henri BrissonHomme politique
0%
Henri RavierHomme politique
0%
Henri de FranceIngénieur
0%
Henri TurotJournaliste
0%
Henri RochefortJournaliste
0%
Henri NoguèresJournaliste
0%
Henry de JouvenelJournaliste
0%
Henri HuchardMédecin
0%
Henri DuchènePropriétaire
0%
Henri BocquillonPropriétaire
0%
Henri DubouillonPropriétaire
0%
Henri FrenayRésistant
0%
Henri KrasuckiSyndicaliste
0%

Distribution des résultats

Percentile par nombre de réponses

% des personnes avec chaque résultat

Votre développement - résultats

Vous n’avez pas pris ce quiz